| 000 | 01681cam a22003614a 4500 | ||
|---|---|---|---|
| 999 |
_c329579 _d329579 |
||
| 001 | 14613030 | ||
| 003 | NUST | ||
| 005 | 20170515123043.0 | ||
| 008 | 061027s2007 enka b 001 0 eng | ||
| 010 | _a 2006036196 | ||
| 020 | _a0470859024 (cloth : alk. paper) | ||
| 020 | _a9780470859025 (cloth : alk. paper) | ||
| 020 | _a0470859040 (pbk. : alk. paper) | ||
| 020 | _a9780470859049 (pbk. : alk. paper) | ||
| 035 | _a(OCoLC)ocm74916103 | ||
| 035 | _a(OCoLC)74916103 | ||
| 040 |
_aDLC _cDLC _dBAKER _dBTCTA _dBWKUK _dYDXCP _dIXA _dDLC |
||
| 041 | 1 |
_aeng _hfre |
|
| 050 | 0 | 0 |
_aQD79.I5 _bR6813 2007 |
| 082 | 0 | 0 |
_a543 FRA _222 |
| 100 | 1 |
_aRouessac, Francis. _9707 |
|
| 240 | 1 | 0 |
_aAnalyse chimique. _lEnglish |
| 245 | 1 | 0 |
_aChemical analysis : _bmodern instrumentation methods and techniques / _cFrancis Rouessac and Annick Rouessac ; translated by Francis and Annick Rouessac and Steve Brooks. |
| 250 | _a2nd ed. | ||
| 260 |
_aChichester, England ; _aHoboken, NJ : _bJohn Wiley, _cc2007. |
||
| 300 |
_axxiii, 574 p. : _bill. ; _c26 cm. |
||
| 500 | _aH.B | ||
| 504 | _aIncludes bibliographical references (p. [565]-566) and index. | ||
| 650 | 0 |
_aInstrumental analysis. _9706 |
|
| 700 | 1 |
_aRouessac, Annick. _9708 |
|
| 856 | 4 | 1 |
_3Table of contents only _uhttp://www.loc.gov/catdir/toc/ecip074/2006036196.html |
| 856 | 4 | 2 |
_3Publisher description _uhttp://www.loc.gov/catdir/enhancements/fy0739/2006036196-d.html |
| 906 |
_a7 _bcbc _corignew _d1 _eecip _f20 _gy-gencatlg |
||
| 942 |
_2ddc _cBK _k543 FRA |
||